00925 2200301 4500001002100000005001500021035002000036007000300056008004100059020002200100040002200122082001500144084001700159090002200176100003900198245007200237250003400309300006200343650002800405850001200433504002800445264003200473336002100505337003000526338002300556999002200579990002200601INLIS00000000086123420210617114005 a0010-0621000769ta210617s2020 yoia er ind d a978-623-02-1762-3 aYOPDYOGbinderda04223a121.68 a121.68 TRI p aCB-D.11 2020-26860 aTri Pangesti, M.H.d1959-epenulis10aPanduan interpretasi bagi interpreter /cpenulis, M.H. Tri Pangesti aCetakan pertama: Oktober 2020 aviii, 56 halaman :bfoto berwarna, gambar, tabel ;c25 cm 4aInterpretasi (Filsafat) aYOPDYOG aBibliografi: halaman 4531aSleman :bDeepublish,c2020 2rdacontentateks 2rdamediaatanpa perantara 2rdacarrieravolume aCB-D.11/2020-2686 aCB-D.11/2020-2686